000 01399nam a2200349Ia 4500
001 ebr10682508
003 CaPaEBR
006 m u
007 cr cn|||||||||
008 130129s2013 cauac sb 001 0 eng d
010 _z 2013001871
020 _z9781609947903
020 _z9781609947897 (hardback)
040 _aCaPaEBR
_cCaPaEBR
035 _a(OCoLC)836873637
050 1 4 _aRA401.D44
_bB53 2013eb
082 0 4 _a362.17/82091724
_223
100 1 _aBing, Eric G.
245 1 0 _aPharmacy on a bicycle
_h[electronic resource] :
_binnovative solutions to global health and poverty /
_cEric G. Bing and Marc J. Epstein.
260 _aSan Francisco :
_bBerrett-Koehler Publishers,
_cc2013.
300 _axii, 223 p. :
_bill., port.
504 _aIncludes bibliographical references and index.
533 _aElectronic reproduction.
_bPalo Alto, Calif. :
_cebrary,
_d2013.
_nAvailable via World Wide Web.
_nAccess may be limited to ebrary affiliated libraries.
650 0 _aPharmaceutical policy
_zDeveloping countries.
650 0 _aDrugs
_zDeveloping countries.
650 0 _aMedical care
_zDeveloping countries.
650 0 _aWorld health.
655 7 _aElectronic books.
_2local
700 1 _aEpstein, Marc J.
710 2 _aebrary, Inc.
856 4 0 _uhttp://site.ebrary.com/lib/rucke/Doc?id=10682508
_zAn electronic book accessible through the World Wide Web; click to view
999 _c31775
_d31775